000 01170cam a2200337 i 4500
001 1371086
003 EG-ScBUE
005 20241109101816.0
008 810910t1987 nyua f 001 0 eng d
020 _a0070379904
020 _a9780070379909
040 _aDLC
_beng
_erda
_cDLC
_dDLC
_dEG-ScBUE
082 0 4 _a518.076
_bLIP
_222
100 1 _aLipschutz, Seymour,
_eauthor.
_92663
245 1 0 _aSchaum's outline of theory and problems of essential computer mathematics /
_cby Seymour Lipschutz, Ph.D. professor of Mathematics, Temple University.
246 3 0 _aTheory and problems of essential computer mathematics
264 1 _aNew York :
_bMcGraw-Hill,
_c[1987]
264 4 _cc1987
300 _a357 pages :
_billustrations ;
_c28 cm.
336 _2rdacontent
_atext
_btxt
337 _aunmediated
_2rdamedia
_bn
338 _avolume
_bnc
_2rdacarrier
490 0 _aSchaum’s outline series
500 _aIncludes index.
650 7 _aMathematics
_xProblems, exercises, etc.
_2BUEsh
_97297
650 7 _aComputer science
_xMathematics.
_2BUEsh
_93550
651 _2BUEsh
653 _bENGELC
_cSeptember2016
655 _vReading book
_934232
942 _2ddc
_cBB
999 _c22383
_d22355